000 00590nam a2200229 a 4500
001 BS0001180
003 BR-BrBNA
005 20231026133410.0
008 230308b |||||||| |||| 00| 0 por d
040 _aBR-BrBNA
_bpor
_cBiblioteca Nacional de Agricultura
041 _apor
072 _aS89
090 _aS89
_bBS0001180
100 1 _aBelinky, Tatiana.
245 1 _aRepresália de bicho /
250 1 _a1. ed.
260 3 _aSão Paulo:
_bEditora do Brasil,
_c1988.
300 _a16 p.
650 _aLITERATURA INFANTIL
650 _aLITERATURA INFANTO-JUVENIL
942 _cBK
_2AGRIS
999 _c6237
_d6237